Batismus v kostce

Salvato in:
Dettagli Bibliografici
Natura: Libro
Lingua:ceco
Pubblicazione: Gottwaldov Svit 1950
Tags: Aggiungi Tag
Nessun Tag, puoi essere il primo ad aggiungerne!!

MARC

LEADER 00000nam a2200000 4500
001 0308333
005 20250429105406.7
041 0 |a cze 
044 |a CZ 
245 1 0 |a Batismus v kostce 
264 1 |a Gottwaldov  |b Svit  |c 1950